[Event "VI Obert Internacional Alberic"]
[Site "Alberic"]
[Date "2018.06.30"]
[Round "6.4"]
[White "Galvan, Jesus"]
[Black "Paris Turegano, Javier"]
[Result "1-0"]
[BlackElo "1905"]
[WhiteElo "2183"]
[LiveChessVersion "1.4.8"]

1. c4 {[%clk 0:07:04]} c5 {[%clk 0:07:05]} 2. g3 {[%clk 0:07:05]} g6
{[%clk 0:07:06]} 3. Bg2 {[%clk 0:07:07]} Bg7 {[%clk 0:07:08]} 4. Nc3
{[%clk 0:07:08]} Nc6 {[%clk 0:07:10]} 5. a3 {[%clk 0:07:10]} e6 {[%clk 0:07:09]}
6. b4 {[%clk 0:07:09]} d6 {[%clk 0:06:39]} 7. Rb1 {[%clk 0:06:44]} Nge7
{[%clk 0:06:39]} 8. Nf3 {[%clk 0:06:27]} O-O {[%clk 0:06:39]} 9. O-O
{[%clk 0:06:28]} cxb4 {[%clk 0:06:15]} 10. axb4 {[%clk 0:06:30]} d5
{[%clk 0:06:02]} 11. b5 {[%clk 0:06:21]} Ne5 {[%clk 0:05:53]} 12. Nxe5
{[%clk 0:06:22]} Bxe5 {[%clk 0:05:55]} 13. d4 {[%clk 0:06:24]} Bg7
{[%clk 0:05:57]} 14. c5 {[%clk 0:06:26]} Bd7 {[%clk 0:05:51]} 15. Ba3
{[%clk 0:06:26]} Re8 {[%clk 0:05:45]} 16. e3 {[%clk 0:06:24]} a6 {[%clk 0:05:35]}
17. b6 {[%clk 0:06:18]} Bc6 {[%clk 0:05:17]} 18. h4 {[%clk 0:06:19]} e5
{[%clk 0:05:04]} 19. Ne2 {[%clk 0:05:44]} Nf5 {[%clk 0:04:52]} 20. dxe5
{[%clk 0:05:34]} Bxe5 {[%clk 0:04:46]} 21. Bb2 {[%clk 0:05:35]} Bxb2
{[%clk 0:04:04]} 22. Rxb2 {[%clk 0:05:37]} Qf6 {[%clk 0:03:49]} 23. Rd2
{[%clk 0:05:19]} Rad8 {[%clk 0:03:51]} 24. Nd4 {[%clk 0:05:21]} Nxd4
{[%clk 0:03:53]} 25. Rxd4 {[%clk 0:05:20]} Qe7 {[%clk 0:03:14]} 26. Qc2
{[%clk 0:05:13]} Qe5 {[%clk 0:03:10]} 27. Rfd1 {[%clk 0:05:09]} Rd7
{[%clk 0:03:06]} 28. e4 {[%clk 0:04:46]} Red8 {[%clk 0:02:40]} 29. f4
{[%clk 0:04:43]} Qh5 {[%clk 0:02:06]} 30. e5 {[%clk 0:04:35]} Qg4
{[%clk 0:01:17]} 31. Kh2 {[%clk 0:04:31]} Qf5 {[%clk 0:00:46]} 32. Qxf5
{[%clk 0:04:29]} gxf5 {[%clk 0:00:48]} 33. Bh3 1-0

[Event "VI Obert Internacional Alberic"]
[Site "Alberic"]
[Date "2018.06.30"]
[Round "6.5"]
[White "Torres Sanchez, Jose"]
[Black "Albert Garrote, Amadeo"]
[Result "1-0"]
[BlackElo "1806"]
[WhiteElo "2357"]
[LiveChessVersion "1.4.8"]

1. Nc3 {[%clk 0:07:06]} d6 {[%clk 0:07:02]} 2. f4 {[%clk 0:07:01]} e5
{[%clk 0:07:00]} 3. e4 {[%clk 0:06:58]} exf4 {[%clk 0:06:33]} 4. Nf3
{[%clk 0:06:58]} Bg4 {[%clk 0:06:33]} 5. Bc4 {[%clk 0:06:53]} Bxf3
{[%clk 0:06:19]} 6. Qxf3 {[%clk 0:06:51]} Nd7 {[%clk 0:05:08]} 7. d4
{[%clk 0:06:48]} Qh4+ {[%clk 0:05:06]} 8. g3 {[%clk 0:06:43]} Qh3
{[%clk 0:04:53]} 9. Bxf4 {[%clk 0:06:32]} O-O-O {[%clk 0:04:42]} 10. Bxf7
{[%clk 0:06:31]} Nh6 {[%clk 0:04:32]} 11. Bb3 {[%clk 0:06:10]} Be7
{[%clk 0:03:45]} 12. Nd5 {[%clk 0:06:10]} Bf6 {[%clk 0:03:38]} 13. O-O-O
{[%clk 0:06:00]} g5 {[%clk 0:03:27]} 14. Nxf6 {[%clk 0:05:50]} gxf4
{[%clk 0:02:39]} 15. Nxd7 {[%clk 0:05:40]} Qxd7 {[%clk 0:02:30]} 16. Qxf4
{[%clk 0:05:38]} Qg7 {[%clk 0:02:15]} 17. g4 {[%clk 0:05:27]} Rhf8
{[%clk 0:02:11]} 18. Be6+ {[%clk 0:05:27]} Kb8 {[%clk 0:02:13]} 19. Bf5
{[%clk 0:05:28]} Nf7 {[%clk 0:02:11]} 20. h4 {[%clk 0:05:26]} a6 {[%clk 0:02:06]}
21. c3 {[%clk 0:05:26]} Rde8 {[%clk 0:01:59]} 22. Rd2 {[%clk 0:05:25]} Nd8
{[%clk 0:02:00]} 23. Qg5 {[%clk 0:05:15]} Qf7 {[%clk 0:02:00]} 24. Kb1
{[%clk 0:05:01]} Qc4 {[%clk 0:01:53]} 25. Re1 {[%clk 0:04:50]} a5
{[%clk 0:01:51]} 26. Qe3 {[%clk 0:04:37]} h5 {[%clk 0:01:49]} 27. Qd3
{[%clk 0:04:32]} Qa4 {[%clk 0:01:40]} 28. Rde2 {[%clk 0:04:20]} hxg4
{[%clk 0:01:39]} 29. Bxg4 {[%clk 0:04:20]} Nc6 {[%clk 0:01:26]} 30. Bf5
{[%clk 0:03:37]} Ne7 {[%clk 0:01:09]} 31. a3 {[%clk 0:02:06]} Qb3
{[%clk 0:01:00]} 32. Qc2 {[%clk 0:01:57]} Qb5 {[%clk 0:00:57]} 33. Bg4
{[%clk 0:01:37]} Ng6 {[%clk 0:00:56]} 34. c4 {[%clk 0:01:29]} Qb6
{[%clk 0:00:49]} 35. Bh5 {[%clk 0:01:25]} Nf4 {[%clk 0:00:50]} 36. Bxe8
{[%clk 0:01:26]} Nxe2 {[%clk 0:00:50]} 37. Qxe2 {[%clk 0:01:23]} Rxe8
{[%clk 0:00:52]} 38. Qd3 {[%clk 0:01:15]} Rh8 {[%clk 0:00:45]} 39. Rh1
{[%clk 0:01:12]} Qc6 {[%clk 0:00:44]} 40. h5 {[%clk 0:01:12]} Rh6
{[%clk 0:00:40]} 41. Qe3 {[%clk 0:01:01]} Rh7 {[%clk 0:00:37]} 42. Qe2
{[%clk 0:00:56]} Re7 {[%clk 0:00:37]} 43. d5 {[%clk 0:00:54]} Qd7
{[%clk 0:00:38]} 44. h6 {[%clk 0:00:53]} Rh7 {[%clk 0:00:39]} 45. Qg2
{[%clk 0:00:49]} b5 {[%clk 0:00:37]} 46. cxb5 {[%clk 0:00:46]} Qxb5
{[%clk 0:00:39]} 47. Qg8+ {[%clk 0:00:46]} 1-0

[Event "VI Obert Internacional Alberic"]
[Site "Alberic"]
[Date "2018.06.30"]
[Round "6.6"]
[White "Martinez Tormo, Jorge"]
[Black "Garcia Perez, Ramon"]
[Result "1-0"]
[BlackElo "1889"]
[WhiteElo "2154"]
[LiveChessVersion "1.4.8"]

1. e4 {[%clk 0:07:05]} e5 {[%clk 0:07:05]} 2. Bc4 {[%clk 0:07:05]} Nc6
{[%clk 0:07:06]} 3. Nf3 {[%clk 0:07:07]} Bc5 {[%clk 0:07:04]} 4. c3
{[%clk 0:07:09]} Nf6 {[%clk 0:07:05]} 5. d3 {[%clk 0:07:11]} d6 {[%clk 0:07:06]}
6. O-O {[%clk 0:07:11]} O-O {[%clk 0:07:07]} 7. Nbd2 {[%clk 0:07:12]} Ne7
{[%clk 0:06:56]} 8. d4 {[%clk 0:07:00]} exd4 {[%clk 0:06:54]} 9. cxd4
{[%clk 0:06:39]} Bb6 {[%clk 0:06:55]} 10. Re1 {[%clk 0:06:36]} Bg4
{[%clk 0:06:49]} 11. h3 {[%clk 0:06:36]} Bh5 {[%clk 0:06:37]} 12. Bf1
{[%clk 0:06:24]} Qd7 {[%clk 0:06:18]} 13. Nc4 {[%clk 0:05:30]} d5
{[%clk 0:04:27]} 14. Nxb6 {[%clk 0:05:19]} axb6 {[%clk 0:04:26]} 15. e5
{[%clk 0:05:14]} Ne4 {[%clk 0:04:10]} 16. g4 {[%clk 0:04:48]} Bxg4
{[%clk 0:03:42]} 17. hxg4 {[%clk 0:04:47]} Qxg4+ {[%clk 0:03:43]} 18. Bg2
{[%clk 0:04:48]} Nf5 {[%clk 0:03:27]} 19. Ng5 {[%clk 0:04:36]} Qh4
{[%clk 0:02:58]} 20. Nxe4 {[%clk 0:04:33]} dxe4 {[%clk 0:02:55]} 21. Rxe4
{[%clk 0:04:33]} Qe7 {[%clk 0:02:35]} 22. Bh3 {[%clk 0:03:58]} Nh4
{[%clk 0:02:30]} 23. Qh5 {[%clk 0:02:58]} Ng6 {[%clk 0:02:30]} 24. Bf5
{[%clk 0:02:55]} Qb4 {[%clk 0:02:04]} 25. Kg2 {[%clk 0:02:39]} Qc4
{[%clk 0:01:43]} 26. Be3 {[%clk 0:02:33]} Qc6 {[%clk 0:00:20]} 27. Rh1
{[%clk 0:02:22]} Rfe8 {[%clk 0:00:15]} 28. Qxh7+ {[%clk 0:02:03]} Kf8
{[%clk 0:00:17]} 29. Bxg6 {[%clk 0:01:47]} fxg6 {[%clk 0:00:16]} 30. Qh4
{[%clk 0:01:48]} g5 {[%clk 0:00:12]} 31. Qg4 {[%clk 0:01:48]} Rxa2
{[%clk 0:00:08]} 32. Bxg5 {[%clk 0:01:36]} Re6 {[%clk 0:00:07]} 33. Rh8+
{[%clk 0:01:34]} Kf7 {[%clk 0:00:07]} 34. Qf5+ {[%clk 0:01:33]} 1-0

[Event "VI Obert Internacional Alberic"]
[Site "Alberic"]
[Date "2018.06.30"]
[Round "6.7"]
[White "Lluch Ventura, Enrique"]
[Black "Asins Munoz, Miquel"]
[Result "1-0"]
[BlackElo "1655"]
[WhiteElo "1722"]
[LiveChessVersion "1.4.8"]

1. d4 {[%clk 0:07:04]} d5 {[%clk 0:07:05]} 2. Bf4 {[%clk 0:07:05]} Nf6
{[%clk 0:07:04]} 3. e3 {[%clk 0:07:07]} Bf5 {[%clk 0:06:58]} 4. c4
{[%clk 0:07:05]} e6 {[%clk 0:06:58]} 5. Nf3 {[%clk 0:07:01]} Bd6 {[%clk 0:06:59]}
6. Ne5 {[%clk 0:07:02]} c6 {[%clk 0:06:46]} 7. Nc3 {[%clk 0:06:39]} Nbd7
{[%clk 0:06:45]} 8. Nxf7 {[%clk 0:05:46]} Kxf7 {[%clk 0:06:18]} 9. Bxd6
{[%clk 0:05:46]} dxc4 {[%clk 0:06:16]} 10. Bf4 {[%clk 0:04:56]} Nd5
{[%clk 0:06:01]} 11. Bg3 {[%clk 0:04:28]} Qa5 {[%clk 0:05:48]} 12. Qc1
{[%clk 0:03:43]} c5 {[%clk 0:05:46]} 13. Bxc4 {[%clk 0:03:09]} cxd4
{[%clk 0:05:41]} 14. exd4 {[%clk 0:02:35]} N7b6 {[%clk 0:05:29]} 15. Bxd5
{[%clk 0:02:18]} Nxd5 {[%clk 0:05:31]} 16. O-O {[%clk 0:02:09]} Rac8
{[%clk 0:05:33]} 17. Qg5 {[%clk 0:01:20]} h6 {[%clk 0:04:55]} 18. Qh5+
{[%clk 0:00:50]} g6 {[%clk 0:04:55]} 19. Qf3 {[%clk 0:00:36]} Nxc3
{[%clk 0:04:51]} 20. bxc3 {[%clk 0:00:37]} Rxc3 {[%clk 0:04:51]} 21. Qxb7+
{[%clk 0:00:38]} Rc7 {[%clk 0:04:51]} 22. Bxc7 {[%clk 0:00:32]} Qd5
{[%clk 0:04:39]} 23. Qxd5 {[%clk 0:00:28]} exd5 {[%clk 0:04:40]} 24. Be5
{[%clk 0:00:26]} Rc8 {[%clk 0:04:28]} 25. Rfc1 {[%clk 0:00:27]} Rd8
{[%clk 0:04:12]} 26. Rc7+ {[%clk 0:00:28]} Bd7 {[%clk 0:04:10]} 27. Rb1
{[%clk 0:00:27]} Ke6 {[%clk 0:04:10]} 28. Rbb7 {[%clk 0:00:27]} a5
{[%clk 0:03:50]} 29. Ra7 {[%clk 0:00:22]} Rb8 {[%clk 0:03:52]} 30. g3
{[%clk 0:00:20]} Rb1+ {[%clk 0:03:28]} 31. Kg2 {[%clk 0:00:22]} Bb5
{[%clk 0:03:30]} 32. Rxa5 {[%clk 0:00:16]} Kf5 {[%clk 0:03:04]} 33. Rf7+
{[%clk 0:00:17]} Ke4 {[%clk 0:03:04]} 34. Rf4+ Kd3 {[%clk 0:03:03]} 35. Ra3+
{[%clk 0:00:19]} Kc4 {[%clk 0:03:04]} 36. Rff3 {[%clk 0:00:14]} Kb4
{[%clk 0:02:55]} 37. Rab3+ {[%clk 0:00:12]} Rxb3 {[%clk 0:02:54]} 38. Rxb3+
{[%clk 0:00:14]} Kc4 {[%clk 0:02:53]} 39. Re3 {[%clk 0:00:15]} 1-0

[Event "VI Obert Internacional Alberic"]
[Site "Alberic"]
[Date "2018.06.30"]
[Round "7.1"]
[White "Plaskett, H James"]
[Black "Granero Roca, Antonio"]
[Result "1-0"]
[BlackElo "2390"]
[WhiteElo "2455"]
[LiveChessVersion "1.4.8"]

1. e4 {[%clk 0:07:05]} c6 {[%clk 0:07:05]} 2. c4 {[%clk 0:07:06]} d6
{[%clk 0:07:07]} 3. d4 {[%clk 0:07:07]} Nf6 {[%clk 0:07:09]} 4. Nc3
{[%clk 0:07:09]} g6 {[%clk 0:07:10]} 5. f3 {[%clk 0:07:10]} Bg7 {[%clk 0:07:12]}
6. Be3 {[%clk 0:07:09]} O-O {[%clk 0:07:12]} 7. Qd2 {[%clk 0:07:09]} a6
{[%clk 0:07:12]} 8. Rd1 {[%clk 0:06:54]} b5 {[%clk 0:07:12]} 9. e5
{[%clk 0:06:55]} Nfd7 {[%clk 0:06:40]} 10. f4 {[%clk 0:06:56]} bxc4
{[%clk 0:05:57]} 11. Bxc4 {[%clk 0:06:54]} Nb6 {[%clk 0:05:59]} 12. Bb3
{[%clk 0:06:42]} a5 {[%clk 0:05:59]} 13. a3 {[%clk 0:06:42]} Ba6 {[%clk 0:05:56]}
14. Qf2 {[%clk 0:06:06]} N8d7 {[%clk 0:05:29]} 15. Nf3 {[%clk 0:06:04]} Nc4
{[%clk 0:05:15]} 16. Bc1 {[%clk 0:06:05]} Rb8 {[%clk 0:05:13]} 17. Ba2
{[%clk 0:06:01]} Ncb6 {[%clk 0:04:44]} 18. e6 {[%clk 0:05:29]} fxe6
{[%clk 0:04:05]} 19. Ng5 {[%clk 0:05:24]} d5 {[%clk 0:03:47]} 20. Nxe6
{[%clk 0:04:36]} Qe8 {[%clk 0:03:49]} 21. Nxf8 {[%clk 0:03:43]} Qxf8
{[%clk 0:03:51]} 22. Bb1 {[%clk 0:03:34]} e6 {[%clk 0:02:56]} 23. Bd3
{[%clk 0:02:37]} Bxd3 {[%clk 0:02:57]} 24. Rxd3 {[%clk 0:02:39]} c5
{[%clk 0:03:00]} 25. dxc5 {[%clk 0:02:31]} Nxc5 {[%clk 0:03:01]} 26. Rd1
{[%clk 0:02:32]} Nc4 {[%clk 0:02:14]} 27. O-O {[%clk 0:02:21]} d4
{[%clk 0:02:12]} 28. Rxd4 {[%clk 0:02:16]} Bxd4 {[%clk 0:02:12]} 29. Qxd4
{[%clk 0:02:18]} Nxb2 {[%clk 0:02:06]} 30. Bxb2 {[%clk 0:01:53]} Rxb2
{[%clk 0:02:07]} 31. Ne4 {[%clk 0:01:54]} Rc2 {[%clk 0:01:57]} 32. Nf6+
{[%clk 0:01:51]} Kf7 {[%clk 0:01:59]} 33. Nxh7 {[%clk 0:01:51]} Qg7
{[%clk 0:01:13]} 34. Ng5+ {[%clk 0:01:48]} Qf8 1-0

[Event "VI Obert Internacional Alberic"]
[Site "Alberic"]
[Date "2018.06.30"]
[Round "7.2"]
[White "Diaz Velandia, Jose Manuel"]
[Black "Fenollar Jorda, Manuel"]
[Result "1/2-1/2"]
[BlackElo "2352"]
[WhiteElo "2359"]
[LiveChessVersion "1.4.8"]

1. d4 {[%clk 0:07:03]} d5 {[%clk 0:07:02]} 2. Nf3 {[%clk 0:07:04]} Nf6
{[%clk 0:07:03]} 3. e3 {[%clk 0:07:06]} c5 {[%clk 0:07:04]} 4. c3
{[%clk 0:07:08]} Nc6 {[%clk 0:07:05]} 5. dxc5 {[%clk 0:07:09]} a5
{[%clk 0:06:48]} 6. Bb5 {[%clk 0:07:10]} e6 {[%clk 0:06:34]} 7. b4
{[%clk 0:07:12]} axb4 {[%clk 0:06:03]} 8. cxb4 {[%clk 0:07:12]} Bd7
{[%clk 0:06:05]} 9. Bxc6 {[%clk 0:07:09]} Bxc6 {[%clk 0:06:01]} 10. O-O
{[%clk 0:06:46]} b6 {[%clk 0:06:02]} 11. Bb2 {[%clk 0:06:28]} bxc5
{[%clk 0:05:26]} 12. bxc5 {[%clk 0:06:29]} Bb5 {[%clk 0:05:14]} 13. Re1
{[%clk 0:06:30]} Bxc5 {[%clk 0:05:15]} 14. Nc3 {[%clk 0:06:29]} Bd7
{[%clk 0:04:34]} 15. e4 {[%clk 0:05:22]} dxe4 {[%clk 0:03:23]} 16. Nxe4
{[%clk 0:05:17]} 1/2-1/2

[Event "VI Obert Internacional Alberic"]
[Site "Alberic"]
[Date "2018.06.30"]
[Round "7.3"]
[White "Kovacevic, Slobodan"]
[Black "Galvan, Jesus"]
[Result "1-0"]
[BlackElo "2183"]
[WhiteElo "2292"]
[LiveChessVersion "1.4.8"]

1. d4 {[%clk 0:07:05]} d6 {[%clk 0:07:04]} 2. Bf4 {[%clk 0:07:06]} g6
{[%clk 0:07:02]} 3. Nf3 {[%clk 0:07:07]} Bg7 {[%clk 0:07:04]} 4. e3
{[%clk 0:07:09]} Nd7 {[%clk 0:07:05]} 5. h3 {[%clk 0:07:10]} e5 {[%clk 0:07:07]}
6. Bg5 {[%clk 0:07:12]} Ne7 {[%clk 0:07:03]} 7. c4 {[%clk 0:07:08]} f6
{[%clk 0:06:53]} 8. Bh4 {[%clk 0:07:07]} Nf5 {[%clk 0:06:55]} 9. Bd3
{[%clk 0:06:53]} Nxh4 {[%clk 0:06:55]} 10. Nxh4 {[%clk 0:06:55]} f5
{[%clk 0:06:54]} 11. g3 {[%clk 0:06:44]} O-O {[%clk 0:06:47]} 12. dxe5
{[%clk 0:06:20]} dxe5 {[%clk 0:06:38]} 13. Nc3 {[%clk 0:06:20]} e4
{[%clk 0:06:38]} 14. Be2 {[%clk 0:06:20]} c6 {[%clk 0:06:38]} 15. Qc2
{[%clk 0:06:20]} Qe7 {[%clk 0:06:43]} 16. Ng2 {[%clk 0:06:14]} Ne5
{[%clk 0:06:42]} 17. h4 {[%clk 0:06:13]} h6 {[%clk 0:05:38]} 18. Nf4
{[%clk 0:06:04]} Kh7 {[%clk 0:05:41]} 19. Rc1 {[%clk 0:05:55]} Be6
{[%clk 0:05:34]} 20. b3 {[%clk 0:05:57]} Bf7 {[%clk 0:05:04]} 21. Kf1
{[%clk 0:05:58]} a5 {[%clk 0:05:06]} 22. Kg2 {[%clk 0:05:56]} Rad8
{[%clk 0:05:04]} 23. Na4 {[%clk 0:05:55]} Nd7 {[%clk 0:04:51]} 24. c5
{[%clk 0:05:46]} Ne5 {[%clk 0:04:49]} 25. Rcd1 {[%clk 0:03:49]} Rxd1
{[%clk 0:04:49]} 26. Qxd1 {[%clk 0:03:50]} Rd8 {[%clk 0:04:51]} 27. Qc2
{[%clk 0:03:53]} Nd7 {[%clk 0:04:22]} 28. Bc4 {[%clk 0:03:30]} Nf6
{[%clk 0:04:18]} 29. Bxf7 {[%clk 0:03:15]} Qxf7 {[%clk 0:04:19]} 30. Rd1
{[%clk 0:03:18]} Rxd1 {[%clk 0:03:09]} 31. Qxd1 {[%clk 0:03:20]} g5
{[%clk 0:03:12]} 32. hxg5 {[%clk 0:03:15]} hxg5 {[%clk 0:03:14]} 33. Nh3
{[%clk 0:03:15]} Kg6 {[%clk 0:03:13]} 34. Qd2 {[%clk 0:03:12]} Nd5
{[%clk 0:02:45]} 35. Qxa5 {[%clk 0:03:04]} f4 {[%clk 0:02:42]} 36. exf4
{[%clk 0:02:47]} gxf4 {[%clk 0:02:44]} 37. gxf4 {[%clk 0:02:38]} Nxf4+
{[%clk 0:02:46]} 38. Nxf4+ {[%clk 0:02:33]} Qxf4 {[%clk 0:02:48]} 39. Qe1
{[%clk 0:01:59]} Qf3+ {[%clk 0:02:29]} 40. Kg1 {[%clk 0:01:50]} Bd4
{[%clk 0:02:31]} 41. Qd2 {[%clk 0:01:35]} e3 {[%clk 0:00:37]} 42. Qxd4
{[%clk 0:01:34]} Qxf2+ {[%clk 0:00:40]} 43. Kh1 {[%clk 0:01:35]} Qf1+
{[%clk 0:00:31]} 44. Kh2 {[%clk 0:01:36]} e2 45. Qd6+ {[%clk 0:01:32]} Kf5
{[%clk 0:00:16]} 46. Qd7+ {[%clk 0:01:03]} Kf4 {[%clk 0:00:12]} 47. Qd6+
{[%clk 0:01:02]} Ke3 {[%clk 0:00:14]} 48. Qe5+ {[%clk 0:01:00]} Kf2
{[%clk 0:00:11]} 49. Qg3# {[%clk 0:00:55]} 1-0

[Event "VI Obert Internacional Alberic"]
[Site "Alberic"]
[Date "2018.06.30"]
[Round "7.4"]
[White "Nicolas Zapata, Javier"]
[Black "Torres Sanchez, Jose"]
[Result "0-1"]
[BlackElo "2357"]
[WhiteElo "2142"]
[LiveChessVersion "1.4.8"]

1. e4 {[%clk 0:07:04]} c5 {[%clk 0:07:05]} 2. Nc3 {[%clk 0:07:05]} a6
{[%clk 0:07:06]} 3. d4 {[%clk 0:06:48]} cxd4 {[%clk 0:07:07]} 4. Qxd4
{[%clk 0:06:51]} Nc6 {[%clk 0:07:08]} 5. Qd2 {[%clk 0:06:52]} Nf6
{[%clk 0:06:38]} 6. b3 {[%clk 0:06:42]} e6 {[%clk 0:06:37]} 7. Bb2
{[%clk 0:06:41]} Bb4 {[%clk 0:06:24]} 8. Bd3 {[%clk 0:06:39]} d5 {[%clk 0:06:22]}
9. exd5 {[%clk 0:06:40]} exd5 {[%clk 0:06:10]} 10. a3 {[%clk 0:06:29]} Bc5
{[%clk 0:05:58]} 11. Nge2 {[%clk 0:05:44]} O-O {[%clk 0:05:52]} 12. O-O
{[%clk 0:05:44]} Re8 {[%clk 0:05:12]} 13. Rad1 {[%clk 0:05:20]} Ng4
{[%clk 0:04:57]} 14. h3 {[%clk 0:03:21]} Ne3 {[%clk 0:04:56]} 15. Na4
{[%clk 0:01:39]} Nxd1 {[%clk 0:04:32]} 16. Rxd1 {[%clk 0:00:56]} Bf8
{[%clk 0:04:33]} 17. Qf4 {[%clk 0:00:43]} b5 {[%clk 0:04:14]} 18. Nac3
{[%clk 0:00:44]} Ne5 {[%clk 0:04:10]} 19. Nxd5 {[%clk 0:00:39]} Nxd3
{[%clk 0:04:10]} 20. Rxd3 {[%clk 0:00:26]} Bd6 {[%clk 0:02:59]} 21. Qd4
{[%clk 0:00:06]} Be5 {[%clk 0:02:52]} 22. Nf6+ {[%clk 0:00:04]} Qxf6
{[%clk 0:02:51]} 23. Qxe5 Rxe5 24. Bxe5 Qd8 25. Bb2 0-1

[Event "VI Obert Internacional Alberic"]
[Site "Alberic"]
[Date "2018.06.30"]
[Round "7.5"]
[White "Marin Corresa, Arturo"]
[Black "Martinez Tormo, Jorge"]
[Result "1-0"]
[BlackElo "2154"]
[WhiteElo "2070"]
[LiveChessVersion "1.4.8"]

1. Nf3 {[%clk 0:07:03]} d5 {[%clk 0:07:03]} 2. b3 {[%clk 0:07:03]} c5
{[%clk 0:07:01]} 3. Bb2 {[%clk 0:07:04]} Nc6 {[%clk 0:07:03]} 4. e3
{[%clk 0:07:05]} Nf6 {[%clk 0:06:59]} 5. c4 {[%clk 0:06:47]} d4 {[%clk 0:06:55]}
6. exd4 {[%clk 0:06:43]} cxd4 {[%clk 0:06:57]} 7. d3 {[%clk 0:06:43]} e5
{[%clk 0:06:52]} 8. a3 {[%clk 0:06:26]} a5 {[%clk 0:06:54]} 9. g3
{[%clk 0:06:06]} Bd6 {[%clk 0:06:26]} 10. Bg2 {[%clk 0:05:59]} O-O
{[%clk 0:06:27]} 11. O-O {[%clk 0:05:52]} h6 {[%clk 0:06:27]} 12. Re1
{[%clk 0:05:39]} Re8 {[%clk 0:06:27]} 13. Nbd2 {[%clk 0:05:18]} Bf5
{[%clk 0:06:23]} 14. Ne4 {[%clk 0:05:17]} Nxe4 {[%clk 0:06:17]} 15. dxe4
{[%clk 0:05:18]} Be6 {[%clk 0:06:19]} 16. Nh4 {[%clk 0:04:36]} g5
{[%clk 0:06:18]} 17. Nf5 {[%clk 0:04:36]} Bxf5 {[%clk 0:05:51]} 18. exf5
{[%clk 0:04:37]} Qf6 {[%clk 0:05:45]} 19. Qg4 {[%clk 0:04:25]} Kg7
{[%clk 0:05:28]} 20. Rad1 {[%clk 0:03:56]} Rh8 {[%clk 0:05:08]} 21. f4
{[%clk 0:03:47]} Qe7 {[%clk 0:02:40]} 22. Bxc6 {[%clk 0:03:35]} f6
{[%clk 0:02:04]} 23. Bd5 {[%clk 0:02:50]} h5 {[%clk 0:02:05]} 24. Qf3
{[%clk 0:02:29]} g4 {[%clk 0:02:06]} 25. Qe4 {[%clk 0:02:27]} Rab8
{[%clk 0:02:05]} 26. Bxd4 {[%clk 0:02:15]} Bc5 {[%clk 0:02:04]} 27. fxe5
{[%clk 0:02:08]} fxe5 {[%clk 0:01:42]} 28. Qxe5+ {[%clk 0:01:53]} Qxe5
{[%clk 0:01:43]} 29. Rxe5 {[%clk 0:01:55]} Bxd4+ {[%clk 0:01:44]} 30. Rxd4
{[%clk 0:01:57]} Kf6 {[%clk 0:01:35]} 31. Re6+ {[%clk 0:01:40]} Kxf5
{[%clk 0:01:30]} 32. Rf4+ {[%clk 0:01:41]} Kg5 {[%clk 0:01:32]} 33. Rff6
{[%clk 0:01:40]} Rhg8 {[%clk 0:01:23]} 34. Be4 {[%clk 0:01:36]} h4
{[%clk 0:01:19]} 35. Rf5# 1-0

[Event "VI Obert Internacional Alberic"]
[Site "Alberic"]
[Date "2018.06.30"]
[Round "7.6"]
[White "Cantero Ramon, Eloy"]
[Black "Fernandez Sanchez, Vicente"]
[Result "1/2-1/2"]
[BlackElo "1638"]
[WhiteElo "2129"]
[LiveChessVersion "1.4.8"]

1. d4 {[%clk 0:07:03]} Nf6 {[%clk 0:07:04]} 2. Nf3 {[%clk 0:07:05]} e6
{[%clk 0:07:00]} 3. c4 {[%clk 0:07:06]} b6 {[%clk 0:06:59]} 4. Nc3
{[%clk 0:07:04]} Bb7 {[%clk 0:06:59]} 5. Bg5 {[%clk 0:06:52]} Be7
{[%clk 0:07:00]} 6. e3 {[%clk 0:06:47]} h6 {[%clk 0:06:59]} 7. Bh4
{[%clk 0:06:48]} Ne4 {[%clk 0:06:52]} 8. Bxe7 {[%clk 0:06:02]} Qxe7
{[%clk 0:06:42]} 9. Nxe4 {[%clk 0:05:41]} Bxe4 {[%clk 0:06:42]} 10. a3
{[%clk 0:05:40]} d6 {[%clk 0:06:22]} 11. Bd3 {[%clk 0:05:30]} Bxd3
{[%clk 0:06:22]} 12. Qxd3 {[%clk 0:05:31]} Nd7 {[%clk 0:06:09]} 13. O-O
{[%clk 0:05:22]} O-O {[%clk 0:06:00]} 14. b4 {[%clk 0:05:15]} c5 {[%clk 0:05:56]}
15. Nd2 {[%clk 0:04:49]} e5 {[%clk 0:05:47]} 16. d5 {[%clk 0:04:17]} f5
{[%clk 0:05:43]} 17. e4 {[%clk 0:03:56]} f4 {[%clk 0:05:26]} 18. f3
{[%clk 0:03:52]} a5 {[%clk 0:05:08]} 19. Nb3 {[%clk 0:03:25]} cxb4
{[%clk 0:04:51]} 20. axb4 {[%clk 0:03:27]} axb4 {[%clk 0:04:52]} 21. Qd2
{[%clk 0:03:23]} Nc5 {[%clk 0:04:25]} 22. Qxb4 {[%clk 0:03:25]} Qc7
{[%clk 0:04:16]} 23. Nd2 {[%clk 0:02:53]} Nd3 {[%clk 0:03:50]} 24. Qb5
{[%clk 0:02:54]} Qc5+ {[%clk 0:03:46]} 25. Qxc5 {[%clk 0:02:52]} bxc5
{[%clk 0:03:44]} 26. Rfb1 {[%clk 0:02:35]} Nb4 {[%clk 0:03:37]} 27. g3
{[%clk 0:02:26]} fxg3 {[%clk 0:03:24]} 28. hxg3 {[%clk 0:02:27]} g5
{[%clk 0:03:13]} 29. Kg2 {[%clk 0:02:23]} Kf7 {[%clk 0:03:01]} 30. Nf1
{[%clk 0:02:15]} Kg6 {[%clk 0:02:54]} 31. Ne3 {[%clk 0:02:15]} h5
{[%clk 0:02:44]} 32. Nf5 {[%clk 0:02:15]} Rfd8 {[%clk 0:02:31]} 33. Rxa8
{[%clk 0:02:08]} Rxa8 {[%clk 0:02:33]} 34. Nxd6 {[%clk 0:02:10]} Ra2+
{[%clk 0:02:34]} 35. Kg1 {[%clk 0:02:03]} h4 {[%clk 0:02:26]} 36. f4
{[%clk 0:01:40]} h3 {[%clk 0:02:09]} 37. fxe5 {[%clk 0:01:32]} Nd3
{[%clk 0:02:05]} 38. e6 {[%clk 0:00:41]} Rg2+ {[%clk 0:00:52]} 39. Kf1
{[%clk 0:00:43]} Rf2+ {[%clk 0:00:16]} 40. Kg1 {[%clk 0:00:43]} Rg2+
{[%clk 0:00:09]} 41. Kf1 {[%clk 0:00:41]} Rf2+ {[%clk 0:00:11]} 42. Kg1
{[%clk 0:00:22]} Rg2+ {[%clk 0:00:13]} 1/2-1/2

[Event "VI Obert Internacional Alberic"]
[Site "Alberic"]
[Date "2018.06.30"]
[Round "7.7"]
[White "Sanchis Hernandez, Sergi"]
[Black "Albuixec Sanz, Jorge"]
[Result "1-0"]
[BlackElo "1829"]
[WhiteElo "1766"]
[LiveChessVersion "1.4.8"]

1. e4 {[%clk 0:07:02]} c5 {[%clk 0:07:05]} 2. Nf3 {[%clk 0:07:01]} d6
{[%clk 0:07:07]} 3. d4 {[%clk 0:07:03]} cxd4 {[%clk 0:07:08]} 4. Nxd4
{[%clk 0:07:04]} Nf6 {[%clk 0:07:09]} 5. Nc3 {[%clk 0:07:05]} a6 {[%clk 0:07:11]}
6. f3 {[%clk 0:07:02]} e5 {[%clk 0:07:11]} 7. Nb3 {[%clk 0:07:02]} Be7
{[%clk 0:07:08]} 8. Be3 {[%clk 0:07:03]} O-O {[%clk 0:07:02]} 9. Qd2
{[%clk 0:07:05]} Be6 {[%clk 0:07:02]} 10. g4 {[%clk 0:07:00]} d5 {[%clk 0:06:34]}
11. g5 {[%clk 0:06:50]} d4 {[%clk 0:06:16]} 12. gxf6 {[%clk 0:06:24]} dxe3
{[%clk 0:06:15]} 13. Qxe3 {[%clk 0:05:00]} Bxf6 {[%clk 0:06:12]} 14. Rg1
{[%clk 0:04:59]} Nc6 {[%clk 0:05:40]} 15. Ne2 {[%clk 0:04:14]} Rc8
{[%clk 0:05:21]} 16. c3 {[%clk 0:04:05]} Qd6 {[%clk 0:04:40]} 17. Qh6
{[%clk 0:03:41]} Bc4 {[%clk 0:04:04]} 18. Rxg7+ {[%clk 0:03:37]} 1-0